[Event "European Club Cup"]
[Site "chess24.com"]
[Date "2018.10.15"]
[Round "4"]
[White "Hove, Esben Kjems"]
[Black "Linnanen, Lassi"]
[Result "1/2-1/2"]
[WhiteElo "2286"]
[BlackElo "2153"]
[Annotator ""]
[Source ""]
[Remark ""]

1.d4 {[%clk 1:30:56]} Nf6 {[%clk 1:30:50]} 2.Nf3 {[%clk 1:29:32]}
c5 {[%clk 1:29:16]} 3.d5 {[%clk 1:29:14]} e6 {[%clk 1:28:22]}
4.c4 {[%clk 1:29:36]} b5 {[%clk 1:28:45]} 5.Bg5 {[%clk 1:27:36]}
Qa5+ {[%clk 1:18:09]} 6.Qd2 {[%clk 1:19:54]} Qxd2+ {[%clk 1:15:54]}
7.Nfxd2 {[%clk 1:17:36]} bxc4 {[%clk 1:13:04]} 8.e4 {[%clk 1:17:08]}
Na6 {[%clk 1:06:43]} 9.dxe6 {[%clk 1:06:17]} fxe6 {[%clk 1:05:53]}
10.e5 {[%clk 1:05:52]} Nd5 {[%clk 1:00:32]} 11.Nxc4 {[%clk 1:05:09]}
Nab4 {[%clk 0:58:41]} 12.Nba3 {[%clk 1:05:03]} Ba6 {[%clk 0:42:18]}
13.Be2 {[%clk 1:03:39]} Bxc4 {[%clk 0:41:31]} 14.Bxc4 {[%clk 1:03:58]}
Be7 {[%clk 0:41:08]} 15.Bxe7 {[%clk 1:04:04]} Kxe7 {[%clk 0:41:28]}
16.O-O {[%clk 1:03:42]} Rhf8 {[%clk 0:41:34]} 17.Rac1 {[%clk 1:01:16]}
Rf5 {[%clk 0:39:40]} 18.Bxd5 {[%clk 0:55:19]} Nxd5 {[%clk 0:39:46]}
19.Rfe1 {[%clk 0:50:12]} Nb4 {[%clk 0:36:50]} 20.Rc3 {[%clk 0:49:15]}
Nxa2 {[%clk 0:36:15]} 21.Rxc5 {[%clk 0:48:41]} Nb4 {[%clk 0:36:19]}
22.Rc3 {[%clk 0:46:11]} Nc6 {[%clk 0:31:57]} 23.Nc4 {[%clk 0:44:33]}
Rb8 {[%clk 0:28:55]} 24.Re4 {[%clk 0:41:04]} g5 {[%clk 0:26:15]}
25.Rh3 {[%clk 0:34:43]} Rf7 {[%clk 0:22:13]} 26.Rh5 {[%clk 0:32:19]}
Rg7 {[%clk 0:20:28]} 27.Rg4 {[%clk 0:20:49]} Rb4 {[%clk 0:17:41]}
28.f3 {[%clk 0:20:51]} Kf8 {[%clk 0:13:25]} 29.Kf1 {[%clk 0:17:10]}
Nd8 {[%clk 0:13:17]} 30.Ke1 {[%clk 0:14:55]} Nf7 {[%clk 0:13:34]}
31.Kd2 {[%clk 0:09:25]} Rb5 {[%clk 0:11:59]} 32.Re4 {[%clk 0:09:13]}
Ke7 {[%clk 0:10:02]} 33.Kc3 {[%clk 0:08:35]} h6 {[%clk 0:09:45]}
34.f4 {[%clk 0:05:58]} Rd5 {[%clk 0:06:46]} 35.fxg5 {[%clk 0:03:58]}
Rxg5 {[%clk 0:06:23]} 36.Rxg5 {[%clk 0:04:21]} hxg5 {[%clk 0:06:40]}
37.b3 {[%clk 0:01:45]} Kf8 {[%clk 0:04:25]} 38.Rd4 {[%clk 0:01:35]}
Ke7 {[%clk 0:02:56]} 39.Re4 {[%clk 0:01:25]} Kf8 {[%clk 0:03:17]}
40.Re1 {[%clk 0:31:43]} Ke7 {[%clk 0:33:13]} 41.h3 {[%clk 0:29:16]}
Nd8 {[%clk 0:18:48]} 42.Nd2 {[%clk 0:25:15]} Nf7 {[%clk 0:18:34]}
43.Nf3 {[%clk 0:25:05]} a5 {[%clk 0:17:55]} 44.Re4 {[%clk 0:25:14]}
d6 {[%clk 0:17:21]} 45.exd6+ {[%clk 0:25:24]} Nxd6 {[%clk 0:15:53]}
46.Rg4 {[%clk 0:17:44]} Nb5+ {[%clk 0:16:04]} 47.Kc2 {[%clk 0:17:34]}
Kf6 {[%clk 0:16:04]} 48.h4 {[%clk 0:17:22]} gxh4 {[%clk 0:16:24]}
49.Rxh4 {[%clk 0:17:44]} e5 {[%clk 0:13:13]} 50.Rh6+ {[%clk 0:15:57]}
Kf5 {[%clk 0:13:28]} 51.Rh5+ {[%clk 0:15:13]} Kf4 {[%clk 0:13:13]}
52.Rh4+ {[%clk 0:12:29]} Ke3 {[%clk 0:11:32]} 53.Rh5 {[%clk 0:11:23]}
Nd4+ {[%clk 0:08:24]} 54.Nxd4 {[%clk 0:10:14]} Kxd4 {[%clk 0:08:45]}
55.g4 {[%clk 0:09:57]} Rd8 {[%clk 0:08:18]} 56.g5 {[%clk 0:09:11]}
Rg8 {[%clk 0:07:52]} 57.Rh4+ {[%clk 0:08:56]} e4 {[%clk 0:08:11]}
58.Rg4 {[%clk 0:09:23]} Ke3 {[%clk 0:08:25]} 59.g6 {[%clk 0:09:25]}
Rg7 {[%clk 0:08:30]} 60.Rg5 {[%clk 0:09:13]} Ke2 {[%clk 0:08:10]}
61.Kc3 {[%clk 0:06:05]} e3 {[%clk 0:08:00]} 62.Rxa5 {[%clk 0:02:53]}
Rxg6 {[%clk 0:08:14]} 63.b4 {[%clk 0:03:14]} Rd6 {[%clk 0:08:21]}
64.Re5 {[%clk 0:03:30]} Kf2 {[%clk 0:08:38]} 65.Rf5+ {[%clk 0:03:51]}
Ke1 {[%clk 0:09:05]} 66.Kc4 {[%clk 0:04:03]} Re6 {[%clk 0:07:53]}
67.Kd5 {[%clk 0:03:52]} Re8 {[%clk 0:08:10]} 68.Rh5 {[%clk 0:03:33]}
e2 {[%clk 0:08:27]} 69.Rh1+ {[%clk 0:03:35]} Kd2 {[%clk 0:08:49]}
70.b5 {[%clk 0:03:58]} e1Q {[%clk 0:08:54]} 71.Rxe1 {[%clk 0:04:24]}
Rxe1 {[%clk 0:09:16]} 72.b6 {[%clk 0:04:49]} 1/2-1/2

[Event "European Club Cup"]
[Site "chess24.com"]
[Date "2018.10.15"]
[Round "4"]
[White "Lammi, Jyri"]
[Black "Ejsing, Esben"]
[Result "0-1"]
[WhiteElo "2099"]
[BlackElo "2154"]
[Annotator ""]
[Source ""]
[Remark ""]

1.d4 {[%clk 1:30:56]} Nf6 {[%clk 1:30:14]} 2.Nf3 {[%clk 1:31:17]}
g6 {[%clk 1:30:37]} 3.e3 {[%clk 1:30:12]} Bg7 {[%clk 1:30:56]}
4.Bd3 {[%clk 1:30:33]} c5 {[%clk 1:28:50]} 5.O-O {[%clk 1:30:28]}
O-O {[%clk 1:28:55]} 6.c3 {[%clk 1:29:38]} b6 {[%clk 1:28:05]}
7.Qe2 {[%clk 1:29:55]} Bb7 {[%clk 1:27:18]} 8.Nbd2 {[%clk 1:30:14]}
cxd4 {[%clk 1:24:19]} 9.cxd4 {[%clk 1:26:16]} Nc6 {[%clk 1:21:37]}
10.a3 {[%clk 1:23:27]} Nd5 {[%clk 1:09:40]} 11.Nb3 {[%clk 1:00:23]}
Qb8 {[%clk 1:08:45]} 12.Bc4 {[%clk 0:58:48]} e6 {[%clk 1:04:25]}
13.Bd2 {[%clk 0:52:53]} a5 {[%clk 1:03:04]} 14.a4 {[%clk 0:39:24]}
Ndb4 {[%clk 0:53:24]} 15.Bc3 {[%clk 0:37:35]} d5 {[%clk 0:52:57]}
16.Bb5 {[%clk 0:37:25]} Na7 {[%clk 0:49:47]} 17.Bxb4 {[%clk 0:36:19]}
axb4 {[%clk 0:50:07]} 18.Bd3 {[%clk 0:36:06]} Nc6 {[%clk 0:49:22]}
19.h4 {[%clk 0:35:29]} Qd6 {[%clk 0:46:56]} 20.h5 {[%clk 0:35:07]}
e5 {[%clk 0:42:08]} 21.dxe5 {[%clk 0:32:24]} Nxe5 {[%clk 0:42:27]}
22.Nxe5 {[%clk 0:32:18]} Bxe5 {[%clk 0:41:18]} 23.Nd4 {[%clk 0:30:43]}
Rae8 {[%clk 0:39:38]} 24.Qf3 {[%clk 0:27:16]} f5 {[%clk 0:36:57]}
25.Bb5 {[%clk 0:25:19]} Re7 {[%clk 0:36:31]} 26.Rfd1 {[%clk 0:25:30]}
f4 {[%clk 0:34:51]} 27.e4 {[%clk 0:19:35]} Qf6 {[%clk 0:33:42]}
28.Qd3 {[%clk 0:08:29]} dxe4 {[%clk 0:33:32]} 29.Qc4+ {[%clk 0:08:52]}
Kh8 {[%clk 0:32:14]} 30.hxg6 {[%clk 0:07:50]} hxg6 {[%clk 0:24:17]}
31.Qxb4 {[%clk 0:06:27]} f3 {[%clk 0:22:40]} 32.g3 {[%clk 0:04:17]}
e3 {[%clk 0:19:12]} 33.Nc6 {[%clk 0:03:37]} exf2+ {[%clk 0:17:34]}
34.Kxf2 {[%clk 0:03:54]} Bxc6 {[%clk 0:15:17]} 35.Bxc6 {[%clk 0:04:22]}
Bxg3+ {[%clk 0:14:47]} 36.Kxg3 {[%clk 0:02:29]} Qe5+ {[%clk 0:15:01]}
37.Kg4 {[%clk 0:02:48]} Qf5+ {[%clk 0:13:35]} 38.Kg3 {[%clk 0:03:14]}
Qg5+ {[%clk 0:07:41]} 39.Qg4 {[%clk 0:03:05]} Qe5+ {[%clk 0:07:56]} 0-1

[Event "European Club Cup"]
[Site "chess24.com"]
[Date "2018.10.15"]
[Round "4"]
[White "Noer, Martin Stampe"]
[Black "Kivilahti, Rami"]
[Result "1/2-1/2"]
[WhiteElo "1863"]
[BlackElo "2057"]
[Annotator ""]
[Source ""]
[Remark ""]

1.d4 {[%clk 1:30:55]} d5 {[%clk 1:30:37]} 2.Bf4 {[%clk 1:29:54]}
Nf6 {[%clk 1:30:43]} 3.e3 {[%clk 1:30:02]} e6 {[%clk 1:30:55]}
4.Nd2 {[%clk 1:29:04]} c5 {[%clk 1:30:55]} 5.c3 {[%clk 1:29:14]}
Nc6 {[%clk 1:30:35]} 6.Ngf3 {[%clk 1:26:02]} Bd6 {[%clk 1:30:35]}
7.Bg3 {[%clk 1:19:37]} O-O {[%clk 1:29:00]} 8.Bd3 {[%clk 1:13:50]}
Qc7 {[%clk 1:12:29]} 9.Rc1 {[%clk 1:05:44]} e5 {[%clk 0:59:15]}
10.dxe5 {[%clk 1:04:25]} Nxe5 {[%clk 0:58:58]} 11.Nxe5 {[%clk 1:04:10]}
Bxe5 {[%clk 0:59:19]} 12.Bxe5 {[%clk 1:03:08]} Qxe5 {[%clk 0:59:46]}
13.Nf3 {[%clk 1:01:48]} Qe7 {[%clk 0:55:43]} 14.h3 {[%clk 0:57:40]}
b6 {[%clk 0:53:28]} 15.O-O {[%clk 0:56:25]} Bb7 {[%clk 0:53:49]}
16.Re1 {[%clk 0:50:06]} Ne4 {[%clk 0:51:37]} 17.Qc2 {[%clk 0:46:23]}
Rad8 {[%clk 0:42:42]} 18.Rcd1 {[%clk 0:46:08]} f5 {[%clk 0:39:57]}
19.c4 {[%clk 0:38:38]} dxc4 {[%clk 0:29:31]} 20.Bxc4+ {[%clk 0:38:06]}
Kh8 {[%clk 0:29:55]} 21.Qe2 {[%clk 0:31:03]} g5 {[%clk 0:25:06]}
22.Nd2 {[%clk 0:23:39]} Nxd2 {[%clk 0:11:28]} 23.Rxd2 {[%clk 0:24:04]}
Qe4 {[%clk 0:09:41]} 24.f3 {[%clk 0:21:07]} Rxd2 {[%clk 0:08:28]}
25.fxe4 {[%clk 0:19:59]} Rxe2 {[%clk 0:08:54]} 26.Rxe2 {[%clk 0:19:21]}
Bxe4 {[%clk 0:08:37]} 27.Rd2 {[%clk 0:19:17]} Rb8 {[%clk 0:07:05]}
28.Ba6 {[%clk 0:11:33]} Bc6 {[%clk 0:04:34]} 29.Rd6 {[%clk 0:11:22]}
Be8 {[%clk 0:04:38]} 30.Rf6 {[%clk 0:10:17]} Bg6 {[%clk 0:04:39]}
31.Rd6 {[%clk 0:10:25]} Rf8 {[%clk 0:04:27]} 32.Bc4 {[%clk 0:10:07]}
f4 {[%clk 0:02:29]} 33.exf4 {[%clk 0:09:09]} Rxf4 {[%clk 0:02:57]}
34.b3 {[%clk 0:05:36]} Rd4 {[%clk 0:02:37]} 35.Rd5 {[%clk 0:01:39]}
Rxd5 {[%clk 0:00:51]} 36.Bxd5 {[%clk 0:02:02]} Bd3 {[%clk 0:00:50]}
37.Kf2 {[%clk 0:01:55]} Kg7 {[%clk 0:01:17]} 38.Ke3 {[%clk 0:02:07]}
Bf1 {[%clk 0:01:08]} 39.a3 {[%clk 0:01:27]} Kf6 {[%clk 0:01:01]}
40.b4 {[%clk 0:30:59]} Ke5 {[%clk 0:30:40]} 41.Bf3 {[%clk 0:28:43]}
cxb4 {[%clk 0:26:15]} 42.axb4 {[%clk 0:28:25]} Bc4 {[%clk 0:23:15]}
43.g3 {[%clk 0:26:00]} a5 {[%clk 0:20:32]} 44.bxa5 {[%clk 0:26:04]}
bxa5 {[%clk 0:21:00]} 45.Bc6 {[%clk 0:25:27]} Bb3 {[%clk 0:17:09]}
46.h4 {[%clk 0:23:00]} a4 {[%clk 0:13:21]} 47.Kd3 {[%clk 0:22:42]}
a3 {[%clk 0:13:22]} 48.Kc3 {[%clk 0:22:53]} a2 {[%clk 0:13:34]}
49.Kb2 {[%clk 0:23:03]} gxh4 {[%clk 0:13:57]} 50.gxh4 {[%clk 0:23:09]}
Bf7 {[%clk 0:03:33]} 51.h5 {[%clk 0:16:54]} Kf4 {[%clk 0:02:54]}
52.h6 {[%clk 0:16:12]} Kf5 {[%clk 0:02:32]} 53.Bb5 {[%clk 0:15:10]}
Kg5 {[%clk 0:00:46]} 54.Bd3 {[%clk 0:14:29]} Bg6 {[%clk 0:01:04]}
55.Bc4 {[%clk 0:14:42]} Kxh6 {[%clk 0:00:49]} 56.Bg8 {[%clk 0:14:58]}
Bb1 {[%clk 0:00:56]} 57.Bxh7 {[%clk 0:15:11]} Kxh7 {[%clk 0:01:24]}
58.Ka1 {[%clk 0:15:22]} Kg6 {[%clk 0:01:52]} 59.Kb2 {[%clk 0:15:40]} 1/2-1/2

[Event "European Club Cup"]
[Site "chess24.com"]
[Date "2018.10.15"]
[Round "4"]
[White "Sammalvuo, Tapani"]
[Black "Thorfinnsson, Bjorn"]
[Result "1-0"]
[WhiteElo "2414"]
[BlackElo "2414"]
[Annotator ""]
[Source ""]
[Remark ""]

1.d4 {[%clk 1:30:57]} Nf6 {[%clk 1:30:54]} 2.c4 {[%clk 1:31:21]}
e6 {[%clk 1:31:16]} 3.Nf3 {[%clk 1:31:49]} d5 {[%clk 1:31:40]}
4.Nc3 {[%clk 1:32:14]} dxc4 {[%clk 1:32:02]} 5.e3 {[%clk 1:32:21]}
a6 {[%clk 1:32:23]} 6.a4 {[%clk 1:32:42]} c5 {[%clk 1:30:54]}
7.Bxc4 {[%clk 1:33:07]} Nc6 {[%clk 1:31:20]} 8.O-O {[%clk 1:33:27]}
Be7 {[%clk 1:31:40]} 9.Qe2 {[%clk 1:33:55]} cxd4 {[%clk 1:31:55]}
10.Rd1 {[%clk 1:34:22]} e5 {[%clk 1:32:15]} 11.exd4 {[%clk 1:34:49]}
exd4 {[%clk 1:32:38]} 12.Nxd4 {[%clk 1:35:16]} Nxd4 {[%clk 1:32:54]}
13.Qe5 {[%clk 1:35:44]} Qd6 {[%clk 1:33:13]} 14.Qxd4 {[%clk 1:36:11]}
Qxd4 {[%clk 1:33:09]} 15.Rxd4 {[%clk 1:36:39]} O-O {[%clk 1:32:21]}
16.Bg5 {[%clk 1:34:17]} Bf5 {[%clk 1:26:57]} 17.Re1 {[%clk 1:26:13]}
Rfe8 {[%clk 1:27:09]} 18.h3 {[%clk 1:14:53]} Bc5 {[%clk 1:22:01]}
19.Rxe8+ {[%clk 1:10:55]} Rxe8 {[%clk 1:20:07]} 20.Bxf6 {[%clk 1:03:48]}
gxf6 {[%clk 1:20:32]} 21.Rd5 {[%clk 1:03:46]} Re1+ {[%clk 1:20:36]}
22.Kh2 {[%clk 1:04:14]} Re5 {[%clk 1:20:52]} 23.g4 {[%clk 1:00:16]}
Be6 {[%clk 1:18:49]} 24.Rxe5 {[%clk 0:55:55]} Bd6 {[%clk 1:18:49]}
25.f4 {[%clk 0:55:59]} fxe5 {[%clk 1:19:16]} 26.Bxe6 {[%clk 0:56:22]}
fxe6 {[%clk 1:19:31]} 27.Ne4 {[%clk 0:56:26]} Bc7 {[%clk 1:19:04]}
28.f5 {[%clk 0:42:40]} exf5 {[%clk 1:19:28]} 29.gxf5 {[%clk 0:43:09]}
b5 {[%clk 1:19:33]} 30.axb5 {[%clk 0:29:56]} axb5 {[%clk 1:19:59]}
31.Kg3 {[%clk 0:22:18]} Kg7 {[%clk 1:19:47]} 32.Kg4 {[%clk 0:15:07]}
Bd8 {[%clk 1:19:28]} 33.b3 {[%clk 0:14:05]} Be7 {[%clk 1:19:19]}
34.Nc3 {[%clk 0:13:37]} b4 {[%clk 1:11:06]} 35.Nd5 {[%clk 0:11:16]}
Bd6 {[%clk 1:10:52]} 36.Kf3 {[%clk 0:08:50]} Kh6 {[%clk 1:10:53]}
37.Nf6 {[%clk 0:07:31]} Bf8 {[%clk 1:06:49]} 38.Nd7 {[%clk 0:04:37]}
Bg7 {[%clk 1:06:02]} 39.f6 {[%clk 0:04:02]} 1-0

[Event "European Club Cup"]
[Site "chess24.com"]
[Date "2018.10.15"]
[Round "4"]
[White "Kjartansson, David"]
[Black "Nyysti, Sampsa"]
[Result "0-1"]
[WhiteElo "2404"]
[BlackElo "2299"]
[Annotator ""]
[Source ""]
[Remark ""]

1.e4 {[%clk 1:30:57]} e5 {[%clk 1:30:49]} 2.Nf3 {[%clk 1:31:14]}
Nc6 {[%clk 1:31:14]} 3.Bb5 {[%clk 1:31:14]} a6 {[%clk 1:31:37]}
4.Ba4 {[%clk 1:31:37]} d6 {[%clk 1:30:40]} 5.c3 {[%clk 1:28:36]}
f5 {[%clk 1:30:36]} 6.exf5 {[%clk 1:27:16]} Bxf5 {[%clk 1:31:03]}
7.d4 {[%clk 1:26:54]} e4 {[%clk 1:30:07]} 8.Qe2 {[%clk 1:07:37]}
Be7 {[%clk 1:23:53]} 9.Nfd2 {[%clk 0:57:51]} d5 {[%clk 1:20:05]}
10.O-O {[%clk 0:57:04]} Nf6 {[%clk 1:16:56]} 11.f3 {[%clk 0:51:43]}
O-O {[%clk 1:13:54]} 12.fxe4 {[%clk 0:51:23]} Nxe4 {[%clk 1:13:28]}
13.Nxe4 {[%clk 0:49:56]} Bxe4 {[%clk 1:13:34]} 14.Nd2 {[%clk 0:49:21]}
Rxf1+ {[%clk 1:06:55]} 15.Qxf1 {[%clk 0:48:39]} Bg6 {[%clk 1:05:52]}
16.Nf3 {[%clk 0:48:42]} Qd6 {[%clk 0:57:26]} 17.Be3 {[%clk 0:42:10]}
Rf8 {[%clk 0:51:42]} 18.Re1 {[%clk 0:42:00]} Be4 {[%clk 0:48:49]}
19.Bd1 {[%clk 0:41:44]} Qg6 {[%clk 0:46:20]} 20.Kh1 {[%clk 0:41:33]}
Bd6 {[%clk 0:46:11]} 21.Qg1 {[%clk 0:41:38]} Ne7 {[%clk 0:44:45]}
22.Nd2 {[%clk 0:38:25]} Bd3 {[%clk 0:44:21]} 23.Bf3 {[%clk 0:30:00]}
c6 {[%clk 0:44:34]} 24.Nb3 {[%clk 0:29:14]} Nf5 {[%clk 0:37:03]}
25.Bf2 {[%clk 0:25:32]} Nh6 {[%clk 0:26:50]} 26.Nc5 {[%clk 0:23:49]}
Bxc5 {[%clk 0:26:17]} 27.dxc5 {[%clk 0:24:14]} Be4 {[%clk 0:26:00]}
28.Bxe4 {[%clk 0:22:32]} dxe4 {[%clk 0:26:28]} 29.Bd4 {[%clk 0:21:53]}
Nf5 {[%clk 0:24:20]} 30.Qf2 {[%clk 0:20:50]} Qe6 {[%clk 0:23:08]}
31.Qc2 {[%clk 0:16:31]} e3 {[%clk 0:19:12]} 32.h3 {[%clk 0:06:30]}
Qg6 {[%clk 0:14:05]} 33.Kg1 {[%clk 0:03:38]} Qg3 {[%clk 0:13:25]}
34.Rf1 {[%clk 0:02:19]} Nxd4 {[%clk 0:13:32]} 35.cxd4 {[%clk 0:01:15]}
Rxf1+ {[%clk 0:13:40]} 36.Kxf1 {[%clk 0:01:42]} Qf4+ {[%clk 0:13:30]}
37.Ke2 {[%clk 0:01:34]} Qxd4 {[%clk 0:07:39]} 38.Qc3 {[%clk 0:00:44]}
Qe4 {[%clk 0:05:21]} 39.Qb3+ {[%clk 0:00:36]} Kf8 {[%clk 0:05:45]}
40.Qxb7 {[%clk 0:30:48]} Qxg2+ {[%clk 0:35:02]} 41.Kxe3 {[%clk 0:31:14]}
Qxh3+ {[%clk 0:33:35]} 42.Kd2 {[%clk 0:30:32]} Qh2+ {[%clk 0:32:40]}
43.Kd3 {[%clk 0:29:46]} Qg3+ {[%clk 0:32:28]} 44.Ke4 {[%clk 0:24:01]}
Qg2+ {[%clk 0:31:24]} 45.Kf4 {[%clk 0:23:34]} Qf2+ {[%clk 0:30:01]}
46.Ke4 {[%clk 0:23:01]} Qxc5 {[%clk 0:28:26]} 47.Qxa6 {[%clk 0:22:08]}
Qc2+ {[%clk 0:23:44]} 48.Kf4 {[%clk 0:22:10]} Qd2+ {[%clk 0:13:19]}
49.Ke4 {[%clk 0:21:43]} Qd5+ {[%clk 0:13:20]} 50.Kf4 {[%clk 0:21:31]}
g5+ {[%clk 0:12:45]} 51.Kg4 {[%clk 0:21:36]} Kg7 {[%clk 0:12:58]}
52.Kh5 {[%clk 0:20:45]} h6 {[%clk 0:12:13]} 53.Qa7+ {[%clk 0:21:00]}
Qf7+ {[%clk 0:12:36]} 0-1

[Event "European Club Cup"]
[Site "chess24.com"]
[Date "2018.10.15"]
[Round "4"]
[White "Mansner, Harry"]
[Black "Thorarinsson, Pall A."]
[Result "1/2-1/2"]
[WhiteElo "2278"]
[BlackElo "2270"]
[Annotator ""]
[Source ""]
[Remark ""]

1.d4 {[%clk 1:30:56]} d5 {[%clk 1:29:33]} 2.c4 {[%clk 1:31:20]}
dxc4 {[%clk 1:29:33]} 3.Nf3 {[%clk 1:31:42]} Nf6 {[%clk 1:29:44]}
4.e3 {[%clk 1:32:07]} e6 {[%clk 1:30:06]} 5.Bxc4 {[%clk 1:32:22]}
c5 {[%clk 1:30:14]} 6.O-O {[%clk 1:32:41]} a6 {[%clk 1:30:34]}
7.b3 {[%clk 1:33:06]} b5 {[%clk 1:28:30]} 8.Be2 {[%clk 1:33:31]}
Bb7 {[%clk 1:28:08]} 9.Bb2 {[%clk 1:33:29]} Nbd7 {[%clk 1:27:34]}
10.a4 {[%clk 1:32:37]} b4 {[%clk 1:26:32]} 11.Nbd2 {[%clk 1:32:50]}
Be7 {[%clk 1:24:39]} 12.Nc4 {[%clk 1:32:07]} a5 {[%clk 1:22:24]}
13.Nfe5 {[%clk 1:32:07]} cxd4 {[%clk 1:14:40]} 14.Nxd7 {[%clk 1:29:41]}
Nxd7 {[%clk 1:11:02]} 15.Qxd4 {[%clk 1:29:43]} Bf6 {[%clk 0:57:32]}
16.Qd6 {[%clk 1:10:03]} Bxb2 {[%clk 0:50:16]} 17.Nxb2 {[%clk 1:10:26]}
Qg5 {[%clk 0:49:27]} 18.e4 {[%clk 0:57:51]} Bxe4 {[%clk 0:29:58]}
19.f3 {[%clk 0:58:15]} Bd5 {[%clk 0:30:02]} 20.Bb5 {[%clk 0:58:26]}
Qe7 {[%clk 0:30:06]} 21.Qc7 {[%clk 0:58:20]} O-O {[%clk 0:24:23]}
22.Qxd7 {[%clk 0:57:51]} Qc5+ {[%clk 0:24:42]} 23.Kh1 {[%clk 0:58:16]}
Ra7 {[%clk 0:22:46]} 24.Rac1 {[%clk 0:57:37]} Qb6 {[%clk 0:21:48]}
25.Qc8 {[%clk 0:57:59]} Bxb3 {[%clk 0:19:36]} 26.Qc5 {[%clk 0:57:53]}
Qb8 {[%clk 0:19:54]} 27.Nd3 {[%clk 0:56:35]} Bd5 {[%clk 0:19:36]}
28.Ne5 {[%clk 0:56:36]} Rd8 {[%clk 0:15:52]} 29.Nc6 {[%clk 0:56:14]}
Bxc6 {[%clk 0:16:13]} 30.Qxc6 {[%clk 0:56:38]} g6 {[%clk 0:14:04]}
31.Rfd1 {[%clk 0:51:57]} Rxd1+ {[%clk 0:11:24]} 32.Rxd1 {[%clk 0:52:21]}
Qe5 {[%clk 0:11:39]} 33.h3 {[%clk 0:15:33]} Rc7 {[%clk 0:09:20]}
34.Qa8+ {[%clk 0:15:32]} Kg7 {[%clk 0:09:27]} 35.Qxa5 {[%clk 0:15:55]}
b3 {[%clk 0:09:05]} 36.Qe1 {[%clk 0:13:39]} Qxe1+ {[%clk 0:06:43]}
37.Rxe1 {[%clk 0:13:44]} b2 {[%clk 0:06:51]} 38.Bd3 {[%clk 0:13:41]}
Rc1 {[%clk 0:05:05]} 39.Rg1 {[%clk 0:14:05]} Rc3 {[%clk 0:04:54]}
40.Bb1 {[%clk 0:42:16]} Ra3 {[%clk 0:35:01]} 41.Rd1 {[%clk 0:38:56]}
Rxa4 {[%clk 0:34:20]} 42.Rd2 {[%clk 0:39:16]} Rb4 {[%clk 0:34:22]}
43.Kg1 {[%clk 0:39:37]} h5 {[%clk 0:29:31]} 44.g3 {[%clk 0:36:30]}
g5 {[%clk 0:29:08]} 45.Kg2 {[%clk 0:33:35]} f5 {[%clk 0:26:17]}
46.Rd7+ {[%clk 0:30:02]} Kf6 {[%clk 0:25:21]} 47.Rd3 {[%clk 0:30:25]}
e5 {[%clk 0:14:18]} 48.Rd2 {[%clk 0:30:11]} g4 {[%clk 0:10:43]}
49.fxg4 {[%clk 0:28:32]} hxg4 {[%clk 0:10:53]} 50.Rf2 {[%clk 0:26:16]}
gxh3+ {[%clk 0:08:50]} 51.Kxh3 {[%clk 0:26:37]} f4 {[%clk 0:06:03]}
52.Kg4 {[%clk 0:26:28]} Ke6 {[%clk 0:05:26]} 53.gxf4 {[%clk 0:27:01]}
Rxf4+ {[%clk 0:05:52]} 54.Rxf4 {[%clk 0:27:27]} exf4 {[%clk 0:06:15]} 1/2-1/2

[Event "European Club Cup"]
[Site "chess24.com"]
[Date "2018.10.15"]
[Round "4"]
[White "Millward, Kevin P"]
[Black "Kosmo, Santul"]
[Result "0-1"]
[WhiteElo "2023"]
[BlackElo "2186"]
[Annotator ""]
[Source ""]
[Remark ""]

1.d4 {[%clk 1:30:51]} Nf6 {[%clk 1:30:47]} 2.Bf4 {[%clk 1:31:10]}
g6 {[%clk 1:30:09]} 3.e3 {[%clk 1:31:03]} Bg7 {[%clk 1:30:29]}
4.Nf3 {[%clk 1:31:13]} O-O {[%clk 1:30:26]} 5.h3 {[%clk 1:29:34]}
d6 {[%clk 1:30:13]} 6.Be2 {[%clk 1:27:14]} Nbd7 {[%clk 1:30:14]}
7.c4 {[%clk 1:22:07]} Qe8 {[%clk 1:23:01]} 8.Nc3 {[%clk 1:21:34]}
e5 {[%clk 1:16:53]} 9.Bh2 {[%clk 1:21:01]} Qe7 {[%clk 1:14:26]}
10.O-O {[%clk 1:12:23]} a6 {[%clk 0:59:49]} 11.Rc1 {[%clk 0:58:44]}
Re8 {[%clk 0:56:06]} 12.Re1 {[%clk 0:54:56]} e4 {[%clk 0:55:18]}
13.Nd2 {[%clk 0:54:31]} Nf8 {[%clk 0:54:54]} 14.b4 {[%clk 0:51:14]}
Bf5 {[%clk 0:53:14]} 15.Qb3 {[%clk 0:43:05]} Rad8 {[%clk 0:51:35]}
16.b5 {[%clk 0:38:19]} h5 {[%clk 0:49:13]} 17.bxa6 {[%clk 0:28:54]}
bxa6 {[%clk 0:49:31]} 18.Rb1 {[%clk 0:29:11]} N8h7 {[%clk 0:48:29]}
19.Qa4 {[%clk 0:25:17]} Ng5 {[%clk 0:46:14]} 20.h4 {[%clk 0:18:40]}
Ne6 {[%clk 0:40:23]} 21.Rb7 {[%clk 0:14:47]} Nxd4 {[%clk 0:31:36]}
22.Nd5 {[%clk 0:04:43]} Nxd5 {[%clk 0:29:21]} 23.cxd5 {[%clk 0:05:11]}
Bd7 {[%clk 0:23:59]} 24.Qa5 {[%clk 0:04:58]} Nxe2+ {[%clk 0:23:06]}
25.Rxe2 {[%clk 0:05:26]} Bb5 {[%clk 0:21:10]} 26.Re1 {[%clk 0:05:32]}
Qxh4 {[%clk 0:16:37]} 27.a4 {[%clk 0:05:26]} Bd3 {[%clk 0:14:59]}
28.Qxc7 {[%clk 0:05:28]} Qf6 {[%clk 0:14:14]} 29.Rc1 {[%clk 0:04:50]}
Qf5 {[%clk 0:13:08]} 30.Qc6 {[%clk 0:02:49]} h4 {[%clk 0:07:33]}
31.Nc4 {[%clk 0:02:35]} Bxc4 {[%clk 0:06:44]} 32.Qxc4 {[%clk 0:02:12]}
h3 {[%clk 0:06:23]} 33.Qf1 {[%clk 0:00:59]} hxg2 {[%clk 0:05:43]}
34.Qxg2 {[%clk 0:01:14]} Qxd5 {[%clk 0:05:13]} 35.Rcc7 {[%clk 0:01:00]}
Rc8 {[%clk 0:04:15]} 36.Qg4 {[%clk 0:00:37]} Rxc7 {[%clk 0:03:41]}
37.Rxc7 {[%clk 0:01:06]} Be5 {[%clk 0:02:41]} 38.Qd7 {[%clk 0:01:06]}
Qd1+ {[%clk 0:02:19]} 39.Kg2 {[%clk 0:00:49]} Qf3+ {[%clk 0:02:26]}
40.Kg1 {[%clk 0:31:00]} Bxh2+ {[%clk 0:32:33]} 41.Kxh2 {[%clk 0:31:24]}
Re5 {[%clk 0:26:08]} 42.Qd8+ {[%clk 0:23:43]} Kg7 {[%clk 0:25:59]}
43.Kg1 {[%clk 0:22:33]} Rh5 {[%clk 0:24:50]} 44.Rxf7+ {[%clk 0:22:12]}
Kxf7 {[%clk 0:20:57]} 45.Qd7+ {[%clk 0:21:26]} Kg8 {[%clk 0:20:41]}
46.Qe6+ {[%clk 0:20:24]} Kg7 {[%clk 0:20:28]} 0-1

[Event "European Club Cup"]
[Site "chess24.com"]
[Date "2018.10.15"]
[Round "4"]
[White "Papula, Niko"]
[Black "Palsson, Halldor"]
[Result "0-1"]
[WhiteElo "1914"]
[BlackElo "2020"]
[Annotator ""]
[Source ""]
[Remark ""]

1.c4 {[%clk 1:30:58]} Nf6 {[%clk 1:30:47]} 2.Nc3 {[%clk 1:30:58]}
e5 {[%clk 1:30:40]} 3.e3 {[%clk 1:30:39]} d5 {[%clk 1:30:31]}
4.cxd5 {[%clk 1:22:04]} Nxd5 {[%clk 1:30:53]} 5.Nxd5 {[%clk 1:17:54]}
Qxd5 {[%clk 1:31:12]} 6.Qc2 {[%clk 1:16:11]} Nc6 {[%clk 1:23:40]}
7.a3 {[%clk 1:15:13]} Be6 {[%clk 1:16:47]} 8.Ne2 {[%clk 1:04:37]}
Qb3 {[%clk 0:53:55]} 9.Qxb3 {[%clk 1:01:37]} Bxb3 {[%clk 0:53:45]}
10.Nc3 {[%clk 0:51:52]} O-O-O {[%clk 0:54:03]} 11.Be2 {[%clk 0:50:28]}
Be7 {[%clk 0:47:40]} 12.Bd1 {[%clk 0:37:03]} Na5 {[%clk 0:43:10]}
13.Rf1 {[%clk 0:27:24]} f5 {[%clk 0:41:50]} 14.f3 {[%clk 0:27:01]}
Rd6 {[%clk 0:38:42]} 15.f4 {[%clk 0:18:39]} e4 {[%clk 0:38:09]}
16.Nb5 {[%clk 0:14:43]} Rd5 {[%clk 0:34:28]} 17.Be2 {[%clk 0:10:31]}
Bc5 {[%clk 0:26:08]} 18.g4 {[%clk 0:05:55]} g6 {[%clk 0:24:20]}
19.gxf5 {[%clk 0:04:36]} gxf5 {[%clk 0:24:31]} 20.d4 {[%clk 0:02:07]}
exd3 {[%clk 0:23:06]} 21.Bf3 {[%clk 0:02:05]} Rd7 {[%clk 0:21:37]}
22.e4 {[%clk 0:00:51]} Bc4 {[%clk 0:19:22]} 23.Bd2 {[%clk 0:00:41]}
Nb3 {[%clk 0:19:39]} 0-1